000 00552nam a22001937a 4500
003 BUBTL
008 190114b xxu||||| |||| 00| 0 eng d
020 _a9789843375155
082 _a346.043/ Is41l/ 2013
100 _92125
_aIslam, Mohammad Towhidul
245 _aLectures on Land Law /
_cMohammad Towhidul Islam,
250 _a1st ed.
260 _aDhaka :
_bNorthern University,
_cc2013
300 _axxii,546 p. :
_c21.5 cm.
650 0 _92126
_aLaw
856 _k0
_l0
_yDownload
942 _2ddc
_cBK
999 _c5864
_d5864